| 000 | 00623nam a2200253I 4500 | ||
|---|---|---|---|
| 999 |
_c1124 _d1124 |
||
| 001 | 3821272 | ||
| 003 | OSt | ||
| 005 | 20180904155943.0 | ||
| 008 | 780421s1960 nyu 000 0 eng | ||
| 010 | _a60-7441 | ||
| 035 | _a4933383 | ||
| 040 |
_aDLC _cKKU _dOSU |
||
| 050 |
_aBV2061 _b.H6 |
||
| 050 | 0 | 0 |
_aBV2061 _b.H6 |
| 082 |
_a266 _bH716O |
||
| 100 | 1 |
_aHogg, William Richey, _d1921- |
|
| 245 | 1 | 0 | _aOne world, one mission |
| 260 |
_aNew York, _bFriendship Press _c[c.1960] |
||
| 300 |
_a164 p. _c19 cm |
||
| 504 | _aIncludes bibliography | ||
| 650 | 0 | _aMissions | |
| 650 | 0 | _aEcumenical movement | |
| 942 |
_2ddc _cBK |
||